Tous les joueurs de l'Équipe de France (depuis 2020) - Statistiques

Statistiques générales
  • Ce quiz a été pris 116 fois
    15 depuis la dernière actualisation
  • Le résultat moyen est 43 sur 71
Statistiques - réponses
Poste Joueur % Correct
Défenseur Dayot Upamecano
100%
Séléctionneur Didier Deschamps
100%
Défenseur Ibrahima Konaté
100%
Attaquant Kylian Mbappé
100%
Défenseur Lucas Hernandez
100%
Gardien Mike Maignan
100%
Attaquant Olivier Giroud
100%
Attaquant Ousmane Dembélé
100%
Milieu Paul Pogba
100%
Gardien Steve Mandanda
100%
Défenseur Théo Hernandez
100%
Gardien Alphonse Areola
89%
Attaquant Antoine Griezmann
89%
Défenseur Benjamin Pavard
89%
Attaquant Désiré Doué
89%
Milieu Eduardo Camavinga
89%
Gardien Hugo Lloris
89%
Défenseur Jules Koundé
89%
Défenseur Lucas Digne
89%
Attaquant Michael Olise
89%
Milieu N’Golo Kanté
89%
Défenseur Raphaël Varane
89%
Milieu Adrien Rabiot
78%
Milieu Aurélien Tchouaméni
78%
Attaquant Bradley Barcola
78%
Gardien Brice Samba
78%
Attaquant Karim Benzema
78%
Attaquant Kingsley Coman
78%
Gardien Lucas Chevalier
78%
Milieu Warren Zaïre-Emery
78%
Défenseur William Saliba
78%
Défenseur Clément Lenglet
67%
Milieu Corentin Tolisso
67%
Défenseur Ferland Mendy
67%
Milieu Khéphren Thuram
67%
Attaquant Marcus Thuram
67%
Milieu Manu Koné
56%
Attaquant Nabil Fekir
56%
Milieu Thomas Lemar
56%
Défenseur Wesley Fofana
56%
Attaquant Wissam Ben Yedder
56%
Milieu Youssouf Fofana
56%
Gardien Alban Lafont
44%
Gardien Benoît Costil
44%
Défenseur Jonathan Clauss
44%
Défenseur Malo Gusto
44%
Défenseur Presnel Kimpembe
44%
Attaquant Rayan Cherki
44%
Milieu Tanguy Ndombele
44%
Défenseur Axel Disasi
33%
Défenseur Benoît Badiashile
33%
Milieu Christopher Nkunku
33%
Milieu Houssem Aouar
33%
Attaquant Hugo Ékitiké
33%
Milieu Jordan Veretout
33%
Défenseur Léo Dubois
33%
Milieu Mattéo Guendouzi
33%
Attaquant Moussa Diaby
33%
Attaquant Randal Kolo-Muani
33%
Milieu Steven Nzonzi
33%
Défenseur Adrien Truffert
22%
Attaquant Anthony Martial
22%
Défenseur Castello Lukeba
22%
Défenseur Pierre Kalulu
22%
Défenseur Ruben Aguilar
22%
Défenseur Boubacar Kamara
11%
Défenseur Jean-Clair Todibo
11%
Défenseur Kurt Zouma
11%
Défenseur Loïc Badé
11%
Défenseur Nordi Mukiele
11%
Attaquant Maghnes Akliouche
0%
Aucun quiz correspondant
Distribution des résultats
% des personnes avec chaque résultat
Percentile par nombre de réponses
Votre historique - résultats
Vous n’avez pas pris ce quiz depuis la dernière actualisation